Statistiques concernant Profill #3 - Léonard de Vinci

Cliquez ici pour prendre le quiz!

Statistiques générales

  • Ce quiz a été pris 440 fois
  • Le résultat moyen est 7 sur 12

Statistiques - réponses

HintRéponse% Correct
Peintre, ingénieur, philosophe,
anatomiste, physicien...
{Activités}
95%
Nom dans la langue
maternelle
{Leonardo} {da} {Vinci}
86%
Date de décès
2 mai {1519} (à 67 ans)
82%
Lieu de naissanceVinci (République de {Florence})
66%
Œuvres principalesL'Homme de {Vitruve}
62%
MécènesLaurent de {Médicis}, François Ier...
58%
MouvementHaute {Renaissance}
54%
Lieu de décèsChâteau du Clos {Lucé} (France)
51%
Andrea del Verrocchio{Maître}
48%
{Autoportrait} à la sanguine de Léonard de Vinci
44%
Œuvres principalesLa Dame à l'{hermine}
24%
Œuvres principalesLa Vierge aux {rochers}
19%

Distribution des résultats

Percentile par nombre de réponses

% des personnes avec chaque résultat

Votre développement - résultats

Vous n’avez pas pris ce quiz